000 00961nmm a2200289 a 4500
001 ocm000598295
003 TR-IsHL
005 20201028123348.0
008 130902s2012 tu tur
007 cr cn
020 _a9786054503537
035 _a598295
_b(N$T)
050 0 4 _aPR4622.T9
_bS6475 2012
090 0 4 _aPR4622.T9
_bS6475 2012
100 1 _aDoyle, Arthur Conan
245 1 0 _aSherlock Holmes: Mazarin elması
_h[electronic resource] /
_cArthur Conan Doyle ; çev. Gökhan Doğru
250 _a1. bs.
260 _aİstanbul :
_bArunas Yayıncılık,
_c2012
300 _a320 p.
650 4 _aDil ve Edebiyat
650 4 _aLanguage and Literature
650 0 _aİngiliz romanı
650 0 _aEnglish fiction
650 7 _aLITERARY COLLECTIONS / European / English, Irish, Scottish, Welsh
_2bisacsh
700 1 _aDoğru, Gökhan
856 4 0 _uhttp://search.ebscohost.com/login.aspx?direct=true&scope=site&db=e011xww&AN=598295
999 _c2364
_d2364